=LDR 00000nam 2200000 4500 =001 INLIS000000000037431 =005 20200213103947 =035 ##$$a 0010-061300000037431 =008 200213################g##########0#ind## =041 ##$$a Ind =082 ##$$a 158.1 =090 ##$$a 158.1, Mos g =100 ##$$a Mosos, Adianto Daud =245 1#$$a The Great Hands, Kisah inspiratif tangan - tangan hebat yang mengubah kehidupan, Adianto Daud Mosos; Editor, Hs Budiana : $b Kisah Inspiratif Tangan - Tangan Hebat yang Mengubah Kehidupan /$c Adianto Daud Mosos; Editor, Hs Budiana =260 ##$$a Jakarta :$b Penebar Swadaya Group,$c 2011 =300 ##$$a 123 hlm, Ilus, 21 cm : $b Ilus. ; $c 14 x 20 cm =650 #4$$a Sukses Pribadi =700 #$$a Hs Budiana =850 ##$$a NBPNMAT =020 ##$$a 979-013-167-4 =084 ##$$a 158.1 MOS t =250 ##$$a Cet.1 =990 ##$$a 21106448 =990 ##$$a 21106447